[Event "Girona-chA"]
[Site "Girona"]
[Date "2004.??.??"]
[Round "3"]
[White "Pou Serrano, David"]
[Black "Lillo Castany, Victor"]
[Result "0-1"]
[WhiteElo "1925"]
[BlackElo "1975"]
[PlyCount "62"]
[EventDate "2004.??.??"]
[EventType "swiss"]
[EventRounds "9"]
[EventCountry "ESP"]
[SourceTitle "EXT 2007"]
[Source "ChessBase"]
[SourceDate "2006.11.23"]
[SourceVersion "1"]
[SourceVersionDate "2006.11.23"]
[SourceQuality "1"]

1. e4 e5 2. f4 d5 3. exd5 c6 4. dxc6 Nxc6 5. Bc4 exf4 6. Nf3 Bd6 7. d4 Bg4 8. 0-0 Nf6 9. c3 0-0 10. Qc2 Qc7 11. Nbd2 Rae8 12. Ng5 Be2 13. Bxe2 Nxd4 14. Qd1 Nxe2+ 15. Kh1 Qc5 16. Ngf3 Ng4 17. Nd4 Ng3+ 18. Kg1 Ne3 19. N2b3 Qc4 20. Bxe3 Qxf1+ 21. Qxf1 Nxf1 22. Bf2 Ne3 23. Nb5 Rd8 24. N3d4 a6 25. Nxd6 Rxd6 26. Bxe3 fxe3 27. Kf1 f5 28. Ke2 f4 29. a4 Rh6 30. h3 Rg6 31. Kf3 Rg3+ 0-1